Les buteurs des Pays-Bas au Championnat d'Europe de football 2008 - Statistiques

Statistiques générales
  • Ce quiz a été pris 17 fois
  • Le résultat moyen est 5 sur 10
Statistiques - réponses
Match Minute Buteur % Correct
Pays-Bas - France 4-1 59' Robin van Persie
100%
Pays-Bas - Roumanie 2-0 87' Robin van Persie
100%
Pays-Bas - France 4-1 72' Arjen Robben
81%
Pays-Bas - Italie 3-0 31' Wesley Sneijder
69%
Pays-Bas - France 4-1 90+2' Wesley Sneijder
69%
Pays-Bas - France 4-1 9' Dirk Kuijt
38%
Pays-Bas - Roumanie 2-0 54' Klaas-Jan Huntelaar
31%
Pays-Bas - Italie 3-0 79' Giovanni van Bronckhorst
19%
Pays-Bas - Italie 3-0 26' Ruud van Nistelrooij
0%
Pays-Bas - Russie 1-3 (a.p.) 86' Ruud van Nistelrooij
0%
Aucun quiz correspondant
Distribution des résultats
% des personnes avec chaque résultat
Percentile par nombre de réponses
Votre historique - résultats
Vous n’avez pas pris ce quiz